Statistics for Elder Scrolls Master Knowledge

Click here to take the quiz!

General Stats

  • This quiz has been taken 16 times
    (12 since last reset)
  • The average score is 129 of 235

Answer Stats

HintAnswer% Correct
ContinentsAkavir
100%
Playable RacesAltmer
100%
Anui-El
100%
Argonian
100%
Auri-El
100%
DaedraAzura
100%
Black Marsh
100%
Boethiah
100%
Bosmer
100%
Breton
100%
Clavicus Vile
100%
Cyrodiil
100%
Dragonborn
100%
Misc. RacesDragons
100%
Dunmer
100%
Elsweyr
100%
Hammerfell
100%
Countries & CapitalsHigh Rock
100%
Imperial
100%
Khajiit
100%
Malacath
100%
Mara
100%
Mehrunes Dagon
100%
Molag Bal
100%
Morrowind
100%
Nord
100%
Orsimer
100%
Redguard
100%
Reman Cyrodiil
100%
Sheogorath
100%
Shivering Isles
100%
Skyrim
100%
Talos
100%
The Lady
100%
The Lord
100%
The Mage
100%
The Thief
100%
Vaermina
100%
Valenwood
100%
AedraAkatosh
91%
Almalexia
91%
Main GamesArena
91%
Arkay
91%
Atmora
91%
Daggerfall
91%
Dawnguard
91%
Dibella
91%
Falmer
91%
Hermaeus Mora
91%
Hircine
91%
Imperial City
91%
Jyggalag
91%
Mephala
91%
Meridia
91%
Nocturnal
91%
Oblivion
91%
Peryite
91%
Sanguine
91%
Stendarr
91%
Summerset Isles
91%
Tamriel
91%
The Warrior
91%
TribunalVivec
91%
Yokuda
91%
Z'en
91%
Zenithar
91%
Extinct RacesAldmer
82%
Other GamesBattlespire
82%
Dagoth Ur
82%
Dwemer
82%
Julianos
82%
Kynareth
82%
Solitude
82%
Sotha Sil
82%
The Lover
82%
The Serpent
82%
The Tower
82%
Major DLCsTribunal
82%
Tsaesci
82%
Bloodmoon
73%
Hearthfire
73%
Knights of the Nine
73%
Last Seed
73%
Maormer
73%
MoonsMasser
73%
Nerevar
73%
Online
73%
Secunda
73%
Sithis
73%
The Atronach
73%
The Steed
73%
Aldmeris
64%
Anu
64%
Blacklight
64%
Chimer
64%
Dawnstar
64%
First Seed
64%
Kyne
64%
Lorkhan
64%
Minotaurs
64%
Namira
64%
The Apprentice
64%
BirthsignsThe Ritual
64%
The Shadow
64%
Akaviri RacesAkaviri
55%
Alduin
55%
Frostfall
55%
Goblins
55%
Kamal
55%
Ka Po'Tun
55%
Pyandonea
55%
Shor
55%
Sload
55%
Tang Mo
55%
Three BannersAldmeri Dominion
45%
Blades
45%
Sub-RacesColovians
45%
Daggerfall Covenant
45%
Ebonheart Pact
45%
Giants
45%
Imga
45%
Kothringi
45%
Lilmothiit
45%
Magnus
45%
Nedes
45%
Nibenese
45%
Ogres
45%
Padomay
45%
Sea of Ghosts
45%
Shadowkey
45%
Stormhold
45%
Tsun
45%
Alinor
36%
Dreugh
36%
HoonDing
36%
Morihaus
36%
DotWMorndas
36%
MonthsMorning Star
36%
Pelinal Whitestrake
36%
Second Seed
36%
Shezarr
36%
Sinistral Elves
36%
Xarxes
36%
Y'ffre
36%
Y'smir
36%
Ebonarm
27%
Ehlnofey
27%
Evening Star
27%
Hist
27%
Khenarthi
27%
Legends
27%
Loredas
27%
Middas
27%
Midyear
27%
Nir
27%
Numidium
27%
Ohmes
27%
Ohmes-raht
27%
Orkey
27%
Phynaster
27%
Senche
27%
Senche-raht
27%
Sentinel
27%
Sheor
27%
Stuhn
27%
Sundas
27%
Sun's Dusk
27%
Syrabane
27%
Trinimac
27%
Turdas
27%
Xen
27%
Abecean Sea
18%
Alfiq
18%
Alfiq-raht
18%
Atmorans
18%
Ayleids
18%
Baan Dar
18%
Cathay
18%
Cathay-raht
18%
Other LandmassesCathnoquey
18%
Dagi
18%
Dagi-raht
18%
Seas & OceansEltheric Ocean
18%
Falinesti
18%
Fredas
18%
Helstrom
18%
Jode
18%
Jone
18%
Padomeic Ocean
18%
Pahmar
18%
Pahmar-raht
18%
Rain's Hand
18%
Roscrea
18%
Sai
18%
Satakal
18%
Sep
18%
Sun's Dawn
18%
Sun's Height
18%
Suthay
18%
Suthay-raht
18%
The All-Maker
18%
Thras
18%
Tirdas
18%
Torval/Rimmen
18%
Allesia
9%
Bird Men
9%
Esroniet
9%
Horwalli
9%
Lamia
9%
Leki
9%
Mane
9%
Mannimarco
9%
Morwha
9%
Nymphs
9%
Orma
9%
Rajhin
9%
Reiklings
9%
Ruptga
9%
Sea of Pearls
9%
Sethiete
9%
The Ideal Masters
9%
Tojay
9%
Tojay-raht
9%
Topal Sea
9%
Tu'whacca
9%
Yespest
9%
Ynslea
9%
Ket Keptu
0%
Tava
0%
Other GodsThe Adversary
0%

Score Distribution

Percentile by Number Answered

Percent of People with Each Score

Your Score History

You have not taken this quiz since the last reset